Využitie sieťotlačových elektród na stanovenie základných charakteristík enzýmov bakalárska práca

Salvato in:
Dettagli Bibliografici
Autore principale: Poliaková, Katarína
Natura: Libro
Lingua:slovacco
Pubblicazione: Bratislava STU FCHPT 2017
Accesso online:Visualizza in OPAC
Tags: Aggiungi Tag
Nessun Tag, puoi essere il primo ad aggiungerne!!

MARC

LEADER 00000nam a2200000 a 4500
005 20260127134043.0
008 171122 2017 xo 001 0 slo d
035 |a vtls011721930 
039 9 |y 201711221327  |z mschk03 
040 |a STUSCHK1  |b slo  |c STUSCHK1  |e AACR2 
100 1 |a Poliaková, Katarína 
245 1 |a Využitie sieťotlačových elektród na stanovenie základných charakteristík enzýmov  |b bakalárska práca  |c Katarína Poliaková 
260 |a Bratislava  |b STU FCHPT  |c 2017 
300 |a 49 s.  |b il.  |c 25 cm 
500 |a Študijný program: chémia, medicínska chémia a chemické materiály 
500 |a Študijný odbor: chémia, chemické technológie 
500 |a Školiace pracovisko: Oddelenie anorganickej technológie 
500 |a Evid. číslo: FCHPT-13569-68587 
910 |a SCHK95 
999 |c 3016  |d 3016